000 01001nam a2200229 i 4500
001 170497
003 ES-MaACL
005 20230906214404.0
008 090310s1985 fr |||| | fre d
020 _a2-7177-1722-6
080 _a782(44)
245 0 0 _aRobert le Diable
_b: catalogue de l'exposition par Martine Kahane : Théâtre national de l'Opéra de Paris, 20 juin-20 septembre 1985.
260 _aParis :
_bBibliothèque Nationale,
_c1985.
300 _a107 p. :
_bil. col. y n. ;
_c21 x 24 cm.
500 _aCatálogo de la exposición organizada por la Bibliothèque Nationale, y el Théâtre National de l'Opéra, coincidiendo con la reposición de la obra de Meyerbeer en el Palais Garnier.
500 _aCronología.
504 _aBibliografía.
600 1 4 _aMeyerbeer, Giacomo.
_980809
710 2 _aBibliothèque nationale de France.
_92217
710 2 _aOpéra national de Paris.
_915716
852 4 _aES-MaACL
_jE-12501
_9R.140083
_z. - Biblioteca Jacinto Martínez Lacalle
999 _c170497
_d170497